| 000 | 00587cam a2200205 a 4500 | ||
|---|---|---|---|
| 001 | 000008104 | ||
| 005 | 20200929154432.0 | ||
| 008 | 910116s1990 cu 000 0 spa | ||
| 040 |
_aDO-SdBNP _cDLC |
||
| 082 |
_aPe863.44 _bJ37h |
||
| 100 | 1 |
_aJara, Cronwell. _922008 |
|
| 245 | 1 | 4 |
_aLas huellas del puma / _cCronwell Jara. |
| 260 |
_aLa Habana : _bCasa de las Américas, _c1990. |
||
| 300 |
_a269 p. ; _c19 cm. |
||
| 490 | 1 | _aLa Honda | |
| 650 | 4 |
_aCuentos peruanos _922009 |
|
| 650 | 4 |
_aLiteratura peruana _93140 |
|
| 830 | 0 |
_aLa Honda _922010 |
|
| 910 | _aCatalogación por copia / LC | ||
| 999 |
_c7881 _d7881 |
||